000 00416nam a2200169Ia 4500
008 090711s9999 xx 000 0 und d
082 _b74248
100 _aतिबिले अनंत
245 _aवैर
260 _c1994
300 _a183
600 _aतिबिले अनंत
630 _aवैर
700 _aतिबिले अनंत
730 _aवैर
942 _cBOOK
999 _c304643
_d304643